GETS Theological Seminary Library

The communicator's commentary: (Record no. 291)

MARC details
000 -LEADER
fixed length control field 00614nam a2200193Ia 4500
008 - FIXED-LENGTH DATA ELEMENTS--GENERAL INFORMATION
fixed length control field 200731s9999 xx 000 0 und d
020 ## - INTERNATIONAL STANDARD BOOK NUMBER
International Standard Book Number 084990420X
020 ## - INTERNATIONAL STANDARD BOOK NUMBER
International Standard Book Number 9780849904202
041 ## - LANGUAGE CODE
Language code of text/sound track or separate title eng
050 ## - LIBRARY OF CONGRESS CALL NUMBER
Classification number BS1151.2
Item number .C66 1989
100 ## - MAIN ENTRY--PERSONAL NAME
Personal name Williams, Donald A.Manly 
245 ## - TITLE STATEMENT
Title The communicator's commentary:
Remainder of title Psalms 73-150 /
Statement of responsibility, etc. Donald A. Manly Williams; edited by Lloyd J. Ogilvie
260 ## - PUBLICATION, DISTRIBUTION, ETC.
Place of publication, distribution, etc. Dallas, Tex. :
Name of publisher, distributor, etc. Word Books,
Date of publication, distribution, etc. 1989
300 ## - PHYSICAL DESCRIPTION
Extent 543 p.
Other physical details ;
Dimensions 24 cm.
650 ## - SUBJECT ADDED ENTRY--TOPICAL TERM
Topical term or geographic name entry element Bible. -- N.T. -- Psaumes LXXIII-CL -- Commentaires.
700 ## - ADDED ENTRY--PERSONAL NAME
Personal name Ogilvie, Lloyd J.
949 ## - LOCAL PROCESSING INFORMATION (OCLC)
v v.14
Holdings
Withdrawn status Lost status Damaged status Not for loan Home library Current library Shelving location Date acquired Total Checkouts Full call number Barcode Date last seen Koha item type
        GETS Theological Seminary Library GETS Theological Seminary Library General Stacks 07/09/2020   BS1151.2 .C66 1989 00000288 07/09/2020 English Books
OpacCredits

Contact the Librarian, GETS Library
Email: library@mygets.org









Implemented by GETS Library
(Powered by ETCA Professional Group)
GETS Theological Seminary
412 E. Rowland Street, CA 91723